[Event "Niederbayernliga 1011"]
[Site "Germany"]
[Date "2011.02.06"]
[Round "6.8"]
[White "Haydn, Ludwig"]
[Black "Bessinger, Patrick"]
[Result "1/2-1/2"]
[WhiteElo "1227"]
[BlackElo "1111"]
[PlyCount "31"]
[EventDate "2010.10.10"]
[EventType "team-tourn"]
[EventRounds "9"]
[EventCountry "GER"]
[SourceTitle "EXT 2012"]
[Source "ChessBase"]
[SourceDate "2011.11.24"]
[SourceVersion "1"]
[SourceVersionDate "2011.11.24"]
[SourceQuality "1"]
[WhiteTeam "Bayerwald"]
[BlackTeam "Roehrnbach"]
[WhiteTeamCountry "GER"]
[BlackTeamCountry "GER"]

1. d4 e6 2. Bf4 d5 3. e3 c5 4. Nf3 Nc6 5. Be2 Nf6 6. h3 cxd4 7. exd4 Bd6 8. Bxd6 Qxd6 9. 0-0 0-0 10. c3 a6 11. Nbd2 b5 12. Nh2 b4 13. Ng4 Nxg4 14. Bxg4 a5 15. Nb3 Re8 16. f4 1/2-1/2